| 000 | 01360cam a2200229 4500 | ||
|---|---|---|---|
| 001 | 3804 | ||
| 005 | 20181127172026.0 | ||
| 008 | 130408t20122010nyu 000 1 eng d | ||
| 010 | _a 2012532878 | ||
| 020 | _a1612191622 | ||
| 020 | _a9789350290170 | ||
| 043 | _aa-ii--- | ||
| 100 | 1 | _aTejpal, Tarun J. | |
| 245 | 1 | 4 |
_aThe story of my assassins / _cTarun J. Tejpal. |
| 260 |
_aNew Delhi : _bHarperCollins Publishers, _c2012. |
||
| 300 |
_a522 p. ; _c24 cm. |
||
| 520 | _a"Based on actual events, The Story of My Assassins tells the story of a journalist who learns that the police have captured five hitmen on their way to kill him. Landing like a bombshell on his comfortable life, just as he's started a steamy affair with a brilliant woman, the news prompts him to launch an urgent investigation into the lives of his aspiring murderers--a ragtag group of street thugs and village waifs--and their mastermind. Who wanted him dead, and why? But the investigation forces him to reexamine his own life, too--to confront his own notion of himself, his job, and his treatment of the women in his life, as well as his own complex feelings about the country that crafted his would-be killers."--Dust jacket. | ||
| 650 | 0 |
_aAssassins _vFiction. |
|
| 650 | 0 |
_aJournalists _vFiction. |
|
| 651 | 0 |
_aIndia _vFiction. |
|
| 655 | 7 |
_aSuspense fiction. _2gsafd |
|
| 999 |
_c3112 _d3112 |
||